000 00320nam a22001337a 4500
008 170831b xxu||||| |||| 00| 0 eng d
020 _a9780132320283
041 _aeng
080 _28 ED
_a070
100 _a40
101 _aMED
245 _aSTRATEGIES FOR SUCCESSFUL WRITING
_c REINKING.J.A
942 _2udc
_cBK
999 _c25872
_d25872